000 00461nam a2200169 a 4500
001 1373
003 CO-ViMGA
008 141112s2004 ck r 000 u spa d
040 _aCO-ViMGA
_bspa
_cCO-ViMGA
082 0 4 _a863 V431
245 1 0 _aLa vida de Lazarillo de Tormes y de sus fortunas y adversidades
260 _aMadrid :
_bCastalia,
_c1993
300 _a184 p
650 1 4 _aLAZARILLO DE TORMES
_94968
650 1 4 _aNOVELA ESPAÑOLA
_9488
942 _2ddc
_cBK
999 _c13576
_d13576